000 00399nam a2200157Ia 4500
008 210716s2010 xx 000 0 und d
020 _a9788131729151
041 _aeng
082 _a657.046 WOOF
100 _aWood, Frank;Sangster, Alan.
245 _aBusiness accounting 2
250 _a11
260 _aSouth Asia
_bPearson Education
_c2010
300 _axiii,810
650 _aAccounting(657)
999 _c204728
_d204728